01388cam a2200277 a 4500999001700000001000800017005001700025008004100042010001700083020002400100043001200124050002200136100004000158240009300198245010300291260004400394300002800438440003500466500022200501650006100723650004500784740008300829740006000912942001500972952012300987 c25686d25686206935420170201100318.0940525r19941762nyua 000 0 eng  a 94025929  a0486281930 :c$7.95 ae-fr---00aNK7305 .P613 19941 aPouget, Jean Henri Prosper,d-1769.10aTraité des pierres précieuses et de la manière de les employer en parure.lEnglish10a550 authentic rococo designs and motifs for artists and craftspeople /cJean-Henri-Prosper Pouget. aNew York :bDover Publications,cc1994. a78 p. :bill. ;c28 cm. 0aDover pictorial archive series a"A republication with some rearrangement of the plates originally published in Traité des pierres précieuses et de la manière de les employer en parure, Paris, 1762.... The text of the original is here omitted." 0aJewelryzFrancexHistoryy18th centuryxThemes, motives. 0aDecoration and ornament, RococozFrance.0 aFive hundred authentic rococo designs and motifs for artists and craftspeople.0 aRococo designs and motifs for artists and craftspeople. 2lcccBOOKS 00102lcc4070aMUCbMUCcTECHd2017-02-01eDonation(BFA)l0oNK7305 .P613 1994p33466r2018-07-11w2017-02-01yBOOKS